000 00321nam a2200133 i 4500
001 bg
100 1 _aWEIZSACKER, Carl Friedrich
245 0 _aJedność przyrody /
_cCarl Friedrich Weizsacker.
260 _aWarszawa,
_c1978.
040 _cBPK
041 _apol
942 _cKS
008 s pl f |000 0 pol
999 _c9635
_d9635
856 _uhttp://koha.tu.koszalin.pl/cgi-bin/koha/opac-detail.pl?biblionumber=9635
_yKatalog online BPK